Medagliere Olimpiadi estive Tokyo 2020 - Statistics

Statistiche generali
  • Questo quiz è stato fatto 116 volte
  • Il punteggio medio è 9 su 10
Statistiche sulle risposte
Rappresentativa olimpica Medaglie d'Oro Medaglie d'Argento Medaglie di Bronzo Medaglie complessive % Corretto
Italia 10 10 20 40
100%
Stati Uniti 39 41 33 113
100%
Cina 38 32 19 89
99%
Germania 10 11 16 37
98%
Francia 10 12 11 33
96%
Giappone 27 14 17 58
96%
Comitato Olimpico Russo 20 28 23 71
86%
Australia 17 7 22 46
82%
Gran Bretagna 22 20 22 64
77%
Paesi Bassi 10 12 14 36
59%
Nessun quiz corrispondente trovato
Distribuzione punteggi
Percentuale di utenti per punteggio
Percentile per numero di risposta
I tuoi punteggi nel tempo
Non hai fatto questo quiz